02610nam a22004097u 4500001001000000003000400010005001700014008004100031040000800072041000800080084002400088100001700112245008900129260008600218490004800304520128800352650002001640650003401660650001801694650002501712651001201737651002701749651001201776651001101788651002001799651001501819651001101834651002001845690003801865690004901903700001801952830006101970856003502031942000902066999001502075952011002090pwiiw4632OSt20260516120107.0171101t2017 au ||||| |||| 00| ||eng d cOSt aeng aC59aF14aF152jelc1 aNinka, Eniel10aInternational Trade in Western Balkan Countries: Analysis Based on the Gravity Model aWien :bWiener Institut für Internationale Wirtschaftsvergleiche (wiiw),c2017.1 awiiw Balkan Observatory Working Papersv126 aAbstract We adopt the gravity model to analyse the international trade relations of Western Balkan (WB) countries and of the WB region as a whole, using WIIW and World Bank data, over a period of 20 years (1995-2014). Data show a tendency toward better integration of WB countries with the world economy, increased openness of their economies, persistence of their trade deficits, and, for most of them, an improvement of the coverage ratio. For the region as a whole, the volume of international trade outpaced that of intra-regional trade reaching, in 2014, a difference of nearly 5 times. The main partner for the region remains the European Union, particularly Germany and Italy. The gravity model of exports of the WB region shows that its exports are positively impacted by the common language and common borders with third countries, by trade with European Union, and large and highly industrialized countries, while distance and region’s level of per capita Gross Domestic Product both have a negative impact. Considering the imports, the model shows that they are positively impacted by existence of common borders and language with the region, and by region’s and partner countries’ level of economic development, while the distance has again a negative impact.  aWestern Balkans aInternational trade relations aGravity model aEconomic integration aAlbania aBosnia and Herzegovina aCroatia aKosovo aNorth Macedonia aMontenegro aSerbia aWestern Balkans aMacroeconomic Analysis and Policy aInternational Trade, Competitiveness and FDI1 aPere, Engjell 0v126wWIIW0000140twiiw Balkan Observatory Working Papers40uhttps://wiiw.ac.at/p-4632.html cP2z c8665d8665 00104070aBIBbBIBc1d2017-11-01ipwiiw4632l0o126p1000010004632r2017-11-01 00:00:00w2019-02-05yP